header

Advanced mathematical thinking (Record no. 73362)

MARC details
000 -LEADER
fixed length control field 01313nam a2200325 a 4500
082 04 - DEWEY DECIMAL CLASSIFICATION NUMBER
Classification number 510/.71
245 00 - TITLE STATEMENT
Title Advanced mathematical thinking
260 ## - PUBLICATION, DISTRIBUTION, ETC. (IMPRINT)
Place of publication Dordrecht ;
-- Boston :
Name of publisher Kluwer Academic Publishers,
Year of publication c1991.
300 ## - PHYSICAL DESCRIPTION
Number of Pages xvii, 289 p. :
Other physical details ill.
490 1# - SERIES STATEMENT
Series statement Mathematics education library ;
650 #0 - SUBJECT ADDED ENTRY--TOPICAL TERM
Topical Term Mathematics
Topical Term Mathematics
700 1# - ADDED ENTRY--PERSONAL NAME
Personal name Tall, David Orme.
856 40 - ELECTRONIC LOCATION AND ACCESS
Uniform Resource Identifier http://site.ebrary.com/lib/rucke/Doc?id=10046992

No items available.

© 2026 Rongo University
Contact us: librarian | system librarian | Rongo university